00277nam a2200109Ia 4500008004100000100001600041245005300057260002100110650001200131942000700143999001700150190216s9999||||xx |||||||||||||| ||und|| aKurup K K N 0aArya Dravida Gadagangal Malabarile Nadan Kalayil bBhasha Institute aHistory cBK c19828d19828